000 01297cab a2200217 4500
001 ##L132708
008 060301n2006 000 0 eng u
035 _a(Sirsi) u132708
041 0 _aeng
110 1 _aGreat Britain
_bHealth and Safety Executive
245 0 0 _aHSE announces new timetable for construction design regulations
260 _c2006
490 0 _a(Health and Safety Executive Press Release
_vE021:06 28 February 2006)
520 _aThe Health and Safety Executive (HSE) has announced that the revised Construction (Design and Management) (CDM) Regulations will be implemented in Spring 2007, instead of October 2006 as originally intended. A final draft of an Approved Code of Practice supporting the new regulations will be made available three months prior to the regulations coming into force. The regulations will revise and consolidate the existing CDM Regulations 1994 and the Construction (Health Safety and Welfare) Regulations 1996.
590 _aIKA140306
650 2 4 _aCONSTRUCTION (DESIGN AND MANAGEMENT) REGULATIONS 1994
650 2 4 _aCONSTRUCTION (HEALTH, SAFETY AND WELFARE) REGULATIONS 1996
690 _aMANAGEMENT-HEALTH AND SAFETY
856 4 1 _uhttps://www.hse.gov.uk/press/2006/e06021.htm
_zView the item free of charge at www.hse.gov.uk
942 _n0
999 _c76576
_d76576